K problematike regulácie napätia synchrónneho generátora olejotlakovým regulátorom OTR 1 v spolupráci s prúdovou kompaundáciou : Kand.diz.práca : V.odb. 26-02-9 : Obh. 04.07.1961 /

Saved in:
Bibliographic Details
Main Author: Bízik, Juraj (Author)
Other Authors: Šalamon, Miroslav (Thesis advisor), Fábry, Karol (Thesis advisor)
Format: Manuscript Book
Published: Bratislava : SVŠT v Bratislave EF, 1961
Subjects:
Tags: Add Tag
No Tags, Be the first to tag this record!

MARC

LEADER 00000ntm a22000003a 4500
001 stu5480
005 20150617225810.9
008 ------s1961----------------------------d
040 |a STU  |b slo 
041 0
100 1 |a Bízik, Juraj  |4 aut 
245 1 |a K problematike regulácie napätia synchrónneho generátora olejotlakovým regulátorom OTR 1 v spolupráci s prúdovou kompaundáciou :  |b Kand.diz.práca : V.odb. 26-02-9 : Obh. 04.07.1961 /  |c [aut.] Bízik,Juraj, Ing.; Škol. řalamon,M.;Škol. Fábry,K 
260 |a Bratislava :  |b SVŠT v Bratislave EF,  |c 1961 
650 7 |a elektrické stroje a prístroje  |2 stusub 
700 1 |a Šalamon, Miroslav  |4 ths 
700 1 |a Fábry, Karol  |4 ths 
996 |b 284ED00196  |c E*KDIZ-27  |l EE01  |s A  |a 24  |w stu5480_0001